<?xml version='1.0' encoding='UTF-8'?>
  <record xmlns="http://www.loc.gov/MARC21/slim">
    <leader>00000cas a22000007i 4500</leader>
    <controlfield tag="001">ocn898834226</controlfield>
    <controlfield tag="003">OCoLC</controlfield>
    <controlfield tag="005">20250715210339.3</controlfield>
    <controlfield tag="008">011107d17981800gw fr p       0   b0ger d</controlfield>
    <datafield tag="040" ind1=" " ind2=" ">
      <subfield code="a">NLGGC</subfield>
      <subfield code="b">dut</subfield>
      <subfield code="e">fobidrtb</subfield>
      <subfield code="c">NLGGC</subfield>
      <subfield code="d">OCLCO</subfield>
      <subfield code="d">OCLCL</subfield>
      <subfield code="d">OCLCQ</subfield>
      <subfield code="d">OCLCL</subfield>
      <subfield code="d">OCLCQ</subfield>
    </datafield>
    <datafield tag="022" ind1=" " ind2=" ">
      <subfield code="a">0930-1046</subfield>
    </datafield>
    <datafield tag="029" ind1="0" ind2=" ">
      <subfield code="a">NLGGC</subfield>
      <subfield code="b">229872360</subfield>
    </datafield>
    <datafield tag="035" ind1=" " ind2=" ">
      <subfield code="a">(OCoLC)898834226</subfield>
    </datafield>
    <datafield tag="050" ind1=" " ind2="4">
      <subfield code="a">AP30</subfield>
      <subfield code="b">.A8</subfield>
    </datafield>
    <datafield tag="082" ind1="0" ind2="4">
      <subfield code="a">050</subfield>
      <subfield code="q">OCoLC</subfield>
      <subfield code="1">https://id.oclc.org/worldcat/ddc/E3TKFXjjQJ7jb98gc7p6rtqdDD</subfield>
    </datafield>
    <datafield tag="084" ind1=" " ind2=" ">
      <subfield code="a">02.00</subfield>
      <subfield code="2">bcl</subfield>
    </datafield>
    <datafield tag="222" ind1=" " ind2="0">
      <subfield code="a">Athenaeum</subfield>
      <subfield code="b">(Berlin)</subfield>
    </datafield>
    <datafield tag="245" ind1="0" ind2="0">
      <subfield code="a">Athenaeum :</subfield>
      <subfield code="b">eine Zeitschrift /</subfield>
      <subfield code="c">von August Wilhelm Schlegel und Friedrich Schlegel.</subfield>
    </datafield>
    <datafield tag="260" ind1=" " ind2=" ">
      <subfield code="a">Berlin :</subfield>
      <subfield code="b">bey Friedrich Vieweg dem älteren,</subfield>
      <subfield code="c">1798-1800.</subfield>
    </datafield>
    <datafield tag="300" ind1=" " ind2=" ">
      <subfield code="a">v. ;</subfield>
      <subfield code="c">18 cm.</subfield>
    </datafield>
    <datafield tag="310" ind1=" " ind2=" ">
      <subfield code="a">Verscheen 2x per jaar</subfield>
    </datafield>
    <datafield tag="336" ind1=" " ind2=" ">
      <subfield code="a">tekst</subfield>
      <subfield code="b">txt</subfield>
      <subfield code="2">rdacontent/dut</subfield>
    </datafield>
    <datafield tag="337" ind1=" " ind2=" ">
      <subfield code="a">zonder medium</subfield>
      <subfield code="b">n</subfield>
      <subfield code="2">rdamedia/dut</subfield>
    </datafield>
    <datafield tag="338" ind1=" " ind2=" ">
      <subfield code="a">band</subfield>
      <subfield code="b">nc</subfield>
      <subfield code="2">rdacarrier/dut</subfield>
    </datafield>
    <datafield tag="362" ind1="0" ind2=" ">
      <subfield code="a">1. Bd., 1. Stück (1798)-3. Bd., 2. Stück (1800).</subfield>
    </datafield>
    <datafield tag="500" ind1=" " ind2=" ">
      <subfield code="a">Vanaf 2. Bd. (1799) uitg. door: Berlin : bei Heinrich Frölich.</subfield>
    </datafield>
    <datafield tag="500" ind1=" " ind2=" ">
      <subfield code="a">Niet verder verschenen.</subfield>
    </datafield>
    <datafield tag="700" ind1="1" ind2=" ">
      <subfield code="a">Schlegel, A.W. von</subfield>
      <subfield code="q">(August Wilhelm),</subfield>
      <subfield code="d">1767-1845.</subfield>
      <subfield code="1">https://id.oclc.org/worldcat/entity/E39PBJmhVJYY7V9yTm3Rv9d84q</subfield>
    </datafield>
    <datafield tag="700" ind1="1" ind2=" ">
      <subfield code="a">Schlegel, Friedrich von</subfield>
      <subfield code="q">(Karl Wilhelm Friedrich),</subfield>
      <subfield code="d">1772-1829.</subfield>
      <subfield code="1">https://id.oclc.org/worldcat/entity/E39PBJpv73GBqfwfbPvFgF69Xd</subfield>
    </datafield>
    <datafield tag="710" ind1="0" ind2=" ">
      <subfield code="a">Vieweg, Friedrich (dem älteren, Berlijn)</subfield>
      <subfield code="4">prt</subfield>
      <subfield code="0">(NL-LeOCL)136554032</subfield>
    </datafield>
    <datafield tag="710" ind1="0" ind2=" ">
      <subfield code="a">Frölich, H. (Berlijn)</subfield>
      <subfield code="4">prt</subfield>
      <subfield code="0">(NL-LeOCL)077162854</subfield>
    </datafield>
    <datafield tag="776" ind1="0" ind2=" ">
      <subfield code="t">Athenaeum</subfield>
      <subfield code="w">(NL-LeOCL)39879958X</subfield>
    </datafield>
    <datafield tag="776" ind1="0" ind2=" ">
      <subfield code="t">Athenaeum</subfield>
      <subfield code="w">(NL-LeOCL)431948704</subfield>
    </datafield>
    <datafield tag="936" ind1=" " ind2=" ">
      <subfield code="a">BATCHLOAD</subfield>
    </datafield>
  </record>